The art of the novel /

Detalles Bibliográficos
Autor Principal: Kundera, Milan
Outros autores: Asher, Linda
Formato: Libro
Idioma:English
French
Publicado: London : Faber and Faber, 2005 [Reprinted].
Edición:Revised edition.
Subjects:
Classic Catalogue: View this record in Classic Catalogue
LEADER 01683nam a2200409 a 4500
001 45405
003 BD-DhAAL
005 20260401094835.0
008 260329r20051988nyu 000 0 eng d
010 |a  2004303518 
020 |a 057122749X 
020 |a 9780571227495 
035 |a 13755233 
035 |a (OCoLC)52523349 
040 |a FTB  |c FTB  |d OCLCQ  |d VFY  |d DLC  |d BD-DhAAL 
041 1 |a eng  |h fre 
042 |a lccopycat 
050 0 0 |a PN3453  |b .K8613 2003 
082 0 0 |a 809.3  |2 22 
100 1 |a Kundera, Milan. 
240 1 0 |a Art du roman.  |l English 
245 1 4 |a The art of the novel /  |c Milan Kundera ; translated from the French by Linda Asher. 
250 |a Revised edition. 
260 |a London :  |b Faber and Faber,  |c 2005 [Reprinted]. 
300 |a 165 pages ;  |c 21 cm. 
500 |a This translation originally published: 1988.  
500 |a Translation of: L'art du roman.  
541 1 |a Donated by Farhana Zahir, Assistant Professor, BRAC Business School, BRAC University  |e 45405 
546 |a Translated from the French. 
600 |a Kundera, Milan,  |d 1929-  |x Technique.  |9 60368 
650 0 |a Fiction  |x History and criticism. 
650 0 |a Fiction  |x Technique. 
700 |a Asher, Linda.  |9 5995 
852 1 |a Ayesha Abed Library  |c General Stacks 
942 |2 ddc  |c BK 
999 |c 47756  |d 47756 
952 |0 0  |1 0  |2 ddc  |4 0  |6 809_300000000000000_KUN  |7 0  |9 78871  |a BRACUL  |b BRACUL  |c NEW  |d 2026-03-29  |e Donated by Farhana Zahir, Assistant Professor, BRAC Business School, BRAC University  |g 470.00  |l 0  |o 809.3 KUN  |p 3010045405  |r 2026-03-29  |t 1  |w 2026-03-29  |y BK  |x Donated copy received from Farhana Zahir, Assistant Professor, BRAC Business School, BRAC University on 17 February 2026; TK 470.00